| 000 | 00602nam a22002057a 4500 | ||
|---|---|---|---|
| 005 | 20160723112339.0 | ||
| 008 | 160428b xxu||||| |||| 00| 0 eng d | ||
| 020 |
_a9780415568890 _c595 |
||
| 040 | _beng | ||
| 041 | _aEnglish | ||
| 082 |
_a821.6 _bBLA-BEN |
||
| 245 |
_aWilliam Blake _bThe critical heritage _cEdited by G. E. Bentley |
||
| 260 |
_aLondon and New York _bRoutledge _c1975 |
||
| 300 |
_axix,294p _b23 cm |
||
| 504 | _aIncludes index | ||
| 600 |
_aBlake, William _d1757-1827 _vPoetry and art _xHistory and criticism |
||
| 700 |
_4ed. _aBentley, G.E. |
||
| 850 |
_aLCLIB _bPG |
||
| 942 | _cBK | ||
| 999 |
_c40590 _d91069 |
||